Global Mobile satellite communications : For Maritime ,land and Aeronautical applications (Record no. 247774)
[ view plain ]
| 000 -LEADER | |
|---|---|
| fixed length control field | 00345 a2200121 4500 |
| 001 - CONTROL NUMBER | |
| control field | 12701 |
| 082 ## - DEWEY DECIMAL CLASSIFICATION NUMBER | |
| Classification number | 621.382522 ILC |
| 090 ## - LOCALLY ASSIGNED LC-TYPE CALL NUMBER (OCLC); LOCAL CALL NUMBER (RLIN) | |
| -- | 9697 |
| -- | 9697 |
| 100 ## - MAIN ENTRY--PERSONAL NAME | |
| Personal name | Ilcev S.D |
| 245 ## - TITLE STATEMENT | |
| Title | Global Mobile satellite communications : For Maritime ,land and Aeronautical applications |
| 260 ## - PUBLICATION, DISTRIBUTION, ETC. | |
| Place of publication, distribution, etc. | neitherlans |
| Name of publisher, distributor, etc. | Springer |
| Date of publication, distribution, etc. | 2005 |
| 300 ## - PHYSICAL DESCRIPTION | |
| Extent | xxiv, 494 |
| 942 ## - ADDED ENTRY ELEMENTS (KOHA) | |
| Institution code [OBSOLETE] | NUST-CAE |
| Call number prefix | 621.382522 ILC |
| Withdrawn status | Lost status | Damaged status | Not for loan | Collection code | Permanent Location | Current Location | Date acquired | Total Checkouts | Full call number | Barcode | Date last seen | Price effective from | Koha item type |
|---|---|---|---|---|---|---|---|---|---|---|---|---|---|
| College of Aeronautical Engineering (CAE) | College of Aeronautical Engineering (CAE) | 04/03/2017 | 621.382522 ILC | CAEN-3459 | 04/05/2017 | 04/05/2017 | Book |
